Dos almas, una esencia : (Record no. 42436)

MARC details
000 -LEADER
campo de control de longitud fija 01130nam a2200265 i 4500
001 - NÚMERO DE CONTROL
campo de control 42436
003 - IDENTIFICADOR DE NÚMERO DE CONTROL
campo de control ES-MaACL
005 - FECHA Y HORA DE LA ÚLTIMA TRANSACCIÓN
campo de control 20250821063019.0
007 - CAMPO FIJO DE DESCRIPCIÓN FÍSICA--INFORMACIÓN GENERAL
campo de control de longitud fija t|
008 - DATOS DE LONGITUD FIJA--INFORMACIÓN GENERAL
campo de control de longitud fija 151207s2011 sp ||||1| spa d
080 ## - NÚMERO DE LA CLASIFICACIÓN DECIMAL UNIVERSAL
Número de la Clasificación Decimal Universal 74 Kovatchev, Valentin (083.824)
080 ## - NÚMERO DE LA CLASIFICACIÓN DECIMAL UNIVERSAL
Número de la Clasificación Decimal Universal 75 Kovatchev, Valentin (083.824)
080 ## - NÚMERO DE LA CLASIFICACIÓN DECIMAL UNIVERSAL
Número de la Clasificación Decimal Universal 76 Kovatchev, Valentin (083.824)
100 1# - ENTRADA PRINCIPAL--NOMBRE DE PERSONA
Nombre de persona Kovatchev, Valentin,
Fechas asociadas al nombre 1953-
9 (RLIN) 157915
245 10 - MENCIÓN DEL TÍTULO
Título Dos almas, una esencia :
Resto del título del 25 de mayo al 25 de junio de 2011 : Sala de Exposiciones del Rectorado, Universidad de Málaga /
Mención de responsabilidad, etc. Valentin Kovatchev ; [comisariado, Rosario Escobar Segovia].
260 ## - PUBLICACIÓN, DISTRIBUCIÓN, ETC.
Lugar de publicación, distribución, etc. [Málaga] :
Nombre del editor, distribuidor, etc. Universidad de Málaga, Vicerrectorado de Cultura y Relaciones Institucionales,
Fecha de publicación, distribución, etc. [ 2011]
300 ## - DESCRIPCIÓN FÍSICA
Extensión 77 p. :
Otras características físicas il. col. y n. ;
Dimensiones 28 x 24 cm.
600 17 - PUNTO DE ACCESO ADICIONAL DE MATERIA--NOMBRE DE PERSONA
Nombre de persona Kovatchev, Valentin,
Fechas asociadas al nombre 1953-
Subdivisión de forma Exposiciones
Fuente del encabezamiento o término
9 (RLIN) 157916
655 #7 - TERMINO DE INDIZACIÓN--GENERO/FORMA
Fuente del término tgfbne
9 (RLIN) 193628
Datos o término principal de género/forma Catálogos de exposiciones
700 1# - ENTRADA AGREGADA--NOMBRE PERSONAL
Nombre de persona Escobar Segovia, Rosario.
9 (RLIN) 158284
710 2# - ENTRADA AGREGADA--NOMBRE DE ENTIDAD CORPORATIVA
Nombre de entidad corporativa o nombre de jurisdicción como elemento de entrada Universidad de Málaga.
9 (RLIN) 7219
852 ## - LOCALIZACIÓN
Ubicación ES-MaACL
Número de control de estantería A-13461
itemnumber 44002
Sublocalización o colección R.150540
Ubicación en estantería Depósito 1
Signatura antigua Olim: N-6461
942 ## - ELEMENTOS DE ENTRADA SECUNDARIOS (KOHA)
Fuente del sistema de clasificación o colocación Clasificación decimal universal
Holdings
Estatus retirado Estado de pérdida Fuente del sistema de clasificación o colocación Estado de daño No para préstamo Biblioteca de origen Biblioteca actual Ubicación en estantería Fecha de adquisición Fuente de adquisición Total de préstamos Signatura topográfica completa Código de barras Visto por última vez Precio de reemplazo Tipo de ítem Koha
    Clasificación decimal universal     Biblioteca del Ateneo de Madrid Biblioteca del Ateneo de Madrid Depósito 1 07/12/2015 Donación   A-13461 1194551 23/02/2023 23/02/2023 Libro impreso